| 000 | 004920000a22001810004500 | ||
|---|---|---|---|
| 003 | MACL | ||
| 005 | 20160221131836.0 | ||
| 008 | 160221b xxu||||| |||| 00| 0 eng d | ||
| 040 |
_aMACL _cMACL |
||
| 041 | _aHindi | ||
| 082 | _a657.45/BAN | ||
| 100 |
_aमिठठनलाल बंसल _939449 |
||
| 245 | _aअंकेक्षण | ||
| 260 |
_bनवमान प्रकाशन _c1982 _aअलीगढ |
||
| 350 | _a18 | ||
| 650 |
_aCommerce _939450 |
||
| 942 |
_cHIN _k380 _2ddc |
||
| 999 |
_c28367 _d28367 |
||